Central Library OPAC University of Rajshahi

মার্কসীয় সাহিত্যে সমালোচনার সমস্যা / (Record no. 48002)

MARC details
000 -LEADER
fixed length control field 00926nam a22002297a 4500
001 - CONTROL NUMBER
control field 48002
003 - CONTROL NUMBER IDENTIFIER
rucl marc code BD-RjUL
005 - DATE AND TIME OF LATEST TRANSACTION
control field 20211209054435.0
008 - FIXED-LENGTH DATA ELEMENTS--GENERAL INFORMATION
fixed length control field 160811s1975 ii ||||| |||| 00| 0 ben d
020 ## - INTERNATIONAL STANDARD BOOK NUMBER
Terms of availability : IRs 15.00
035 ## - SYSTEM CONTROL NUMBER
System control number (BD-RjUL)48121
040 ## - CATALOGING SOURCE
Original cataloging agency BD-RjUL
Language of cataloging ben
Transcribing agency BD-RjUL
041 ## - LANGUAGE CODE
Language code of text/sound track or separate title ben
082 ## - DEWEY DECIMAL CLASSIFICATION NUMBER
Edition number 23
Classification number 891.709
Author mark and year GUM 1975
100 ## - MAIN ENTRY--PERSONAL NAME
Personal name গুহ, প্রদোৎ
9 (RLIN) 145590
245 10 - TITLE STATEMENT
Title মার্কসীয় সাহিত্যে সমালোচনার সমস্যা /
Statement of responsibility, etc. প্রদোৎ গুহ
260 ## - PUBLICATION, DISTRIBUTION, ETC. (IMPRINT)
Place of publication, distribution, etc. কলকাতা :
Name of publisher, distributor, etc. চলতি দুনিয়া প্রকাশনী,
Date of publication, distribution, etc. ১৯৭৫
300 ## - PHYSICAL DESCRIPTION
Pagination ২১১ পৃ. ;
Size ২১ সেমি.
650 ## - SUBJECT ADDED ENTRY--TOPICAL TERM
Topical term or geographic name as entry element রাশিয়ান সাহিত্য
General subdivision ইতিহাস ও সমালোচনা
9 (RLIN) 145591
Topical term or geographic name as entry element Russian Literature
General subdivision History & Criticism
9 (RLIN) 145592
942 ## - ADDED ENTRY ELEMENTS (KOHA)
Source of classification or shelving scheme Dewey Decimal Classification
Koha item type Books
Holdings
Lost status Source of classification or shelving scheme Damaged status Not for loan Collection code Permanent Location Current Location Shelving location Date acquired Source of acquisition Cost, normal purchase price Total Checkouts Full call number Date last seen Copy number Koha item type
  Dewey Decimal Classification     Non-fiction Central Library, University of Rajshahi Central Library, University of Rajshahi   09/04/1980 K. P. Bagchi 15.00   B 891.709 GUM 1975 11/08/2016 C-2 Books
  Dewey Decimal Classification     Non-fiction Central Library, University of Rajshahi Central Library, University of Rajshahi   09/04/1980 K. P. Bagchi 15.00   B 891.709 GUM 1975 20/08/2016 C-3 Books
  Dewey Decimal Classification     Non-fiction Central Library, University of Rajshahi Central Library, University of Rajshahi   09/04/1980 K. P. Bagchi 15.00   B 891.709 GUM 1975 23/08/2016 C-4 Books